000 02070cam a2200157 4500500
005 20260405085545.0
041 _afre
042 _adc
100 1 0 _aBastidon Gilles, Cécile
_eauthor
700 1 0 _aBrasseul, Jacques
_eauthor
700 1 0 _aGilles, Philippe
_eauthor
245 0 0 _aHistoire de la globalisation financière : Essor, crises et perspectives des marchés financiers internationaux
260 _bArmand Colin,
_c2010.
520 _aobservation des crises financières et monétaires récentes, singulièrement celle de 2008-2009, témoigne du basculement d’un système régi par les gouvernements à un système mondialisé mû par les marchés internationaux de capitaux, soit la fin du « système de Bretton Woods » et l’avènement de la Globalisation financière. La première partie de cet ouvrage, qui couvre la période 1944-1973, concerne le Système Monétaire International puis son effondrement précipité par les chocs pétroliers. L’essor des « euromarchés de capitaux », dès la fin de cette période, constitue le premier temps de la globalisation financière. La seconde partie est consacrée à l’émergence de la « sphère financière », de 1974 au début de la décennie 1990, comme conséquence de la désintermédiation des financements, de la déréglementation et du décloisonnement des marchés. La globalisation financière se traduit, alors, par une accélération de la croissance des volumes des marchés financiers internationaux, second temps de la globalisation financière. La troisième partie renvoie à la période contemporaine, marquée par l’apparition des «marchés émergents » et les crises s’y rapportant. Durant les années 2000, l’origine de l’instabilité financière se déplace : elle n’émane plus des pays en développement ou émergents, mais des États-Unis, cœur du système. C’est le troisième temps de la globalisation financière.
856 4 1 _uhttps://shs.cairn.info/histoire-de-la-globalisation-financiere--9782200355388?lang=fr&redirect-ssocas=7080
999 _c2198502
_d2198502